000 00425nam a22001697a 4500
005 20160502171450.0
008 160502b xxu||||| |||| 00| 0 eng d
020 _a81-259-1442-0
041 _aeng
082 _b1113
100 _aSingh Sukhpal
_9332
245 _aRural Marketing Focus on Agriculture inputs
260 _bVikas Publishing house Pvt. Ltd.
_c2004
300 _a137
650 _aManagement
_9241
942 _cBK
999 _c423
_d423